<?xml version="1.0" encoding="UTF-8"?>
<record
    xmlns:xsi="http://www.w3.org/2001/XMLSchema-instance"
    xsi:schemaLocation="http://www.loc.gov/MARC21/slim http://www.loc.gov/standards/marcxml/schema/MARC21slim.xsd"
    xmlns="http://www.loc.gov/MARC21/slim">

  <leader>01030nam a22002297a 4500</leader>
  <controlfield tag="005">20250103140948.0</controlfield>
  <datafield tag="010" ind1=" " ind2=" ">
    <subfield code="a">B-747244-248                    E.N.A./7.11.22 ENG-143196</subfield>
  </datafield>
  <datafield tag="020" ind1=" " ind2=" ">
    <subfield code="a">9789355011954</subfield>
    <subfield code="c">1299.00</subfield>
  </datafield>
  <datafield tag="035" ind1=" " ind2=" ">
    <subfield code="a">B-747244-248</subfield>
  </datafield>
  <datafield tag="035" ind1=" " ind2=" ">
    <subfield code="a">EN-126728</subfield>
  </datafield>
  <datafield tag="037" ind1=" " ind2=" ">
    <subfield code="b">AKPD</subfield>
  </datafield>
  <datafield tag="082" ind1=" " ind2=" ">
    <subfield code="a">592</subfield>
  </datafield>
  <datafield tag="100" ind1=" " ind2=" ">
    <subfield code="a">Jordan, E.L.</subfield>
    <subfield code="9">75812</subfield>
  </datafield>
  <datafield tag="245" ind1=" " ind2=" ">
    <subfield code="a">Invertebrate zoology :</subfield>
    <subfield code="c">by E.L. Jordan [and] P.S. Verma</subfield>
    <subfield code="b">for B.Sc. &amp; B.Sc. (Hons.) classes of all Indian universities &amp; also as per UGC model curriculum /</subfield>
  </datafield>
  <datafield tag="260" ind1=" " ind2=" ">
    <subfield code="a">New Delhi</subfield>
    <subfield code="b">S. Chand and Company Limited</subfield>
    <subfield code="c">2022</subfield>
  </datafield>
  <datafield tag="270" ind1=" " ind2=" ">
    <subfield code="a">Block B-1, House No.D-1, Ground Floor, Mohan Co-operative Industrial Estate, </subfield>
    <subfield code="b">New Delhi</subfield>
    <subfield code="e">110044</subfield>
  </datafield>
  <datafield tag="300" ind1=" " ind2=" ">
    <subfield code="a">xxiv,1127p.</subfield>
    <subfield code="c">24cm(hbk)</subfield>
    <subfield code="b">col. ill.</subfield>
  </datafield>
  <datafield tag="500" ind1=" " ind2=" ">
    <subfield code="a">Includes index</subfield>
  </datafield>
  <datafield tag="700" ind1=" " ind2=" ">
    <subfield code="a">Verma, P.S.</subfield>
    <subfield code="9">75813</subfield>
  </datafield>
  <datafield tag="942" ind1=" " ind2=" ">
    <subfield code="2">ddc</subfield>
    <subfield code="c">EN</subfield>
    <subfield code="m">JOR</subfield>
    <subfield code="h">592</subfield>
  </datafield>
  <datafield tag="999" ind1=" " ind2=" ">
    <subfield code="c">194174</subfield>
    <subfield code="d">194174</subfield>
  </datafield>
  <datafield tag="952" ind1=" " ind2=" ">
    <subfield code="0">0</subfield>
    <subfield code="1">0</subfield>
    <subfield code="4">0</subfield>
    <subfield code="7">0</subfield>
    <subfield code="8">NFIC</subfield>
    <subfield code="a">L</subfield>
    <subfield code="b">L</subfield>
    <subfield code="d">2023-01-30</subfield>
    <subfield code="e">AKPD/A-22/28.11.22/147/23.11.22/2.12.22</subfield>
    <subfield code="g">1299.00</subfield>
    <subfield code="l">2</subfield>
    <subfield code="m">1</subfield>
    <subfield code="o">592 JOR</subfield>
    <subfield code="p">B-747244</subfield>
    <subfield code="r">2025-07-24 00:00:00</subfield>
    <subfield code="s">2025-06-16</subfield>
    <subfield code="t">1</subfield>
    <subfield code="v">1299.00</subfield>
    <subfield code="w">2023-01-30</subfield>
    <subfield code="y">EN</subfield>
  </datafield>
  <datafield tag="952" ind1=" " ind2=" ">
    <subfield code="0">0</subfield>
    <subfield code="1">0</subfield>
    <subfield code="4">0</subfield>
    <subfield code="7">0</subfield>
    <subfield code="8">NFIC</subfield>
    <subfield code="a">AV</subfield>
    <subfield code="b">AV</subfield>
    <subfield code="d">2023-01-30</subfield>
    <subfield code="e">AKPD/A-22/28.11.22/147/23.11.22/2.12.22</subfield>
    <subfield code="g">1299.00</subfield>
    <subfield code="l">0</subfield>
    <subfield code="o">592 JOR</subfield>
    <subfield code="p">B-747245</subfield>
    <subfield code="r">2023-01-30 00:00:00</subfield>
    <subfield code="t">1</subfield>
    <subfield code="v">1299.00</subfield>
    <subfield code="y">EN</subfield>
  </datafield>
  <datafield tag="952" ind1=" " ind2=" ">
    <subfield code="0">0</subfield>
    <subfield code="1">0</subfield>
    <subfield code="4">0</subfield>
    <subfield code="7">0</subfield>
    <subfield code="8">NFIC</subfield>
    <subfield code="a">BL1</subfield>
    <subfield code="b">BL1</subfield>
    <subfield code="d">2023-01-30</subfield>
    <subfield code="e">AKPD/A-22/28.11.22/147/23.11.22/2.12.22</subfield>
    <subfield code="g">1299.00</subfield>
    <subfield code="l">1</subfield>
    <subfield code="o">592 JOR</subfield>
    <subfield code="p">B-747246</subfield>
    <subfield code="r">2023-08-04 00:00:00</subfield>
    <subfield code="s">2023-07-21</subfield>
    <subfield code="t">1</subfield>
    <subfield code="v">1299.00</subfield>
    <subfield code="y">EN</subfield>
  </datafield>
  <datafield tag="952" ind1=" " ind2=" ">
    <subfield code="0">0</subfield>
    <subfield code="1">0</subfield>
    <subfield code="4">0</subfield>
    <subfield code="7">0</subfield>
    <subfield code="8">NFIC</subfield>
    <subfield code="a">ZLS</subfield>
    <subfield code="b">ZLS</subfield>
    <subfield code="d">2023-01-30</subfield>
    <subfield code="e">AKPD/A-22/28.11.22/147/23.11.22/2.12.22</subfield>
    <subfield code="g">1299.00</subfield>
    <subfield code="l">0</subfield>
    <subfield code="o">592 JOR</subfield>
    <subfield code="p">B-747247</subfield>
    <subfield code="r">2023-01-30 00:00:00</subfield>
    <subfield code="t">1</subfield>
    <subfield code="v">1299.00</subfield>
    <subfield code="y">EN</subfield>
  </datafield>
  <datafield tag="952" ind1=" " ind2=" ">
    <subfield code="0">0</subfield>
    <subfield code="1">0</subfield>
    <subfield code="4">0</subfield>
    <subfield code="7">0</subfield>
    <subfield code="8">NFIC</subfield>
    <subfield code="a">BL4</subfield>
    <subfield code="b">BL4</subfield>
    <subfield code="d">2023-01-30</subfield>
    <subfield code="e">AKPD/A-22/28.11.22/147/23.11.22/2.12.22</subfield>
    <subfield code="g">1299.00</subfield>
    <subfield code="l">2</subfield>
    <subfield code="o">592 JOR</subfield>
    <subfield code="p">B-747248</subfield>
    <subfield code="r">2024-09-25 00:00:00</subfield>
    <subfield code="s">2024-09-10</subfield>
    <subfield code="t">1</subfield>
    <subfield code="v">1299.00</subfield>
    <subfield code="y">EN</subfield>
  </datafield>
  <datafield tag="952" ind1=" " ind2=" ">
    <subfield code="0">0</subfield>
    <subfield code="1">0</subfield>
    <subfield code="4">0</subfield>
    <subfield code="7">0</subfield>
    <subfield code="8">NFIC</subfield>
    <subfield code="a">MP</subfield>
    <subfield code="b">MP</subfield>
    <subfield code="d">2025-01-03</subfield>
    <subfield code="e">Delivery of Books Division</subfield>
    <subfield code="g">1299.00</subfield>
    <subfield code="l">0</subfield>
    <subfield code="o">JOR 591</subfield>
    <subfield code="p">EN-126728</subfield>
    <subfield code="r">2025-01-03 00:00:00</subfield>
    <subfield code="t">1</subfield>
    <subfield code="v">1299.00</subfield>
    <subfield code="w">2025-01-03</subfield>
    <subfield code="y">EN</subfield>
  </datafield>
</record>
